Every Song by the Wombats - Statistics

General Stats
  • This quiz has been taken 29 times
  • The average score is 28 of 84
Answer Stats
Album Song % Correct
A Guide to Love, Loss & Desperation(2007) Let's Dance to Joy Division
90%
A Guide to Love, Loss & Desperation(2007) Kill the Director
86%
Glitterbug(2015) Greek Tragedy
76%
Beautiful People Will Ruin Your Life(2018) Turn
76%
A Guide to Love, Loss & Desperation(2007) Moving to New York
71%
Beautiful People Will Ruin Your Life(2018) Cheetah Tongue
67%
Oh! The Ocean(2025) Sorry I'm Late, I Didn't Want to Come
67%
The Wombats Proudly Present This Modern Glitch(2011) 1996
62%
Oh! The Ocean(2025) Blood on the Hospital Floor
62%
Glitterbug(2015) Pink Lemonade
62%
The Wombats Proudly Present This Modern Glitch(2011) Tokyo (Vampires & Wolves)
62%
Beautiful People Will Ruin Your Life(2018) Lemon to a Knife Fight
57%
Beautiful People Will Ruin Your Life(2018) Lethal Combination
57%
Oh! The Ocean(2025) Kate Moss
52%
Glitterbug(2015) Your Body Is a Weapon
52%
Oh! The Ocean(2025) Can't Say No
48%
The Wombats Proudly Present This Modern Glitch(2011) Girls/Fast Cars
48%
Oh! The Ocean(2025) My Head Is Not My Friend
48%
Glitterbug(2015) Give Me a Try
43%
Beautiful People Will Ruin Your Life(2018) I Don't Know Why I Like You but I Do
43%
The Wombats Proudly Present This Modern Glitch(2011) Jump into the Fog
43%
Glitterbug(2015) Curveballs
38%
Glitterbug(2015) Emoticons
38%
A Guide to Love, Loss & Desperation(2007) Here Comes the Anxiety
38%
Beautiful People Will Ruin Your Life(2018) Ice Cream
38%
Fix Yourself, Not the World(2024) If You Ever Leave, I'm Coming with You
38%
Oh! The Ocean(2025) I Love America and She Hates Me
38%
A Guide to Love, Loss & Desperation(2007) Lost in the Post
38%
A Guide to Love, Loss & Desperation(2007) Patricia the Stripper
38%
A Guide to Love, Loss & Desperation(2007) Tales of Girls, Boys & Marsupials
38%
The Wombats Proudly Present This Modern Glitch(2011) Techno Fan
38%
Beautiful People Will Ruin Your Life(2018) White Eyes
38%
The Wombats Proudly Present This Modern Glitch(2011) Anti-D
33%
Beautiful People Will Ruin Your Life(2018) Black Flamingo
33%
Glitterbug(Bonus)(2015) Flowerball
33%
Fix Yourself, Not the World(2024) Method to the Madness
33%
A Guide to Love, Loss & Desperation(2007) My First Wedding
33%
Fix Yourself, Not the World(2024) This Car Drives All by Itself
33%
Beautiful People Will Ruin Your Life(Bonus)(2018) Bee-Sting
29%
Fix Yourself, Not the World(2024) Flip Me Upside Down
29%
Oh! The Ocean(2025) Grim Reaper
29%
Beautiful People Will Ruin Your Life(2018) I Only Wear Black
29%
Glitterbug(2015) Isabel
29%
A Guide to Love, Loss & Desperation(2007) Little Miss Pipedream
29%
Oh! The Ocean(2025) Lobster
29%
The Wombats Proudly Present This Modern Glitch(2011) Our Perfect Disease
29%
A Guide to Love, Loss & Desperation(2007) School Uniforms
29%
Oh! The Ocean(2025) Swerve (101)
29%
Glitterbug(2015) This Is Not a Party
29%
The Wombats Proudly Present This Modern Glitch(2011) Walking Disasters
29%
Glitterbug(2015) Be Your Shadow
24%
Beautiful People Will Ruin Your Life(2018) Dip You in Honey
24%
Fix Yourself, Not the World(2024) Don't Poke the Bear
24%
A Guide to Love, Loss & Desperation(2007) Dr. Suzanne Mattox PhD
24%
Fix Yourself, Not the World(2024) Everything I Love Is Going to Die
24%
Fix Yourself, Not the World(2024) Fix Yourself, Then the World (Reach Beyond Your Fingers)
24%
Glitterbug(2015) Headspace
24%
Fix Yourself, Not the World(2024) People Don't Change People, Time Does
24%
The Wombats Proudly Present This Modern Glitch(2011) Schumacher the Champagne
24%
Glitterbug(Bonus)(2015) Sex and Question Marks
24%
Glitterbug(2015) The English Summer
24%
Oh! The Ocean(2025) The World's Not Out to Get Me, I Am
24%
A Guide to Love, Loss & Desperation(2007) Backfire at the Disco
19%
Oh! The Ocean(2025) Gut Punch
19%
Non-Album(2008) Is This Christmas?
19%
The Wombats Proudly Present This Modern Glitch(2011) Last Night I Dreamt...
19%
Beautiful People Will Ruin Your Life(Bonus)(2018) Oceans
19%
A Guide to Love, Loss & Desperation(2007) Party in a Forest (Where's Laura?)
19%
Fix Yourself, Not the World(2024) Ready for the High
19%
Oh! The Ocean(2025) Reality Is a Wild Ride
19%
Fix Yourself, Not the World(2024) Worry
19%
Girls, Boys and Marsupials(2006) Metro Song
14%
Beautiful People Will Ruin Your Life(2018) Out of My Head
14%
Fix Yourself, Not the World(2024) Wildfire
14%
Glitterbug(B-Side)(2015) 21st Century Blues
10%
Girls, Boys and Marsupials(2006) Derail and Crash
10%
Non-Album(2009) My Circuitboard City
10%
Glitterbug(B-Side)(2015) Right Click Save
10%
Glitterbug(B-Side)(2015) Wired Differently
10%
Fix Yourself, Not the World(2024) Work Is Easy, Life Is Hard
10%
The Wombats Proudly Present This Modern Glitch(Bonus)(2011) Valentine
5%
Girls, Boys and Marsupials(2006) Acapella
0%
Girls, Boys and Marsupials(2006) Caravan in Wales
0%
Girls, Boys and Marsupials(2006) Sunday T.V.
0%
No matching quizzes found
Score Distribution
Percent of People with Each Score
Percentile by Number Answered
Your Score History
You have not taken this quiz